[Event "WSTCC-65 2020"]
[Site "Prague"]
[Date "2020.03.10"]
[Round "5.27"]
[White "Krauseneck, Peter"]
[Black "Moen, Ole Christian"]
[Result "1-0"]
[WhiteElo "2126"]
[BlackElo "2192"]
[Annotator "ChessBase"]
[PlyCount "87"]
[EventDate "2020.03.06"]
[EventType "team-tourn"]
[EventCountry "CZE"]
[SourceTitle "playchess.com"]
[Source "ChessBase"]
[SourceQuality "1"]
[TimeControl "40/5400+30:1800+30"]

1. d4 {[%emt 0:00:00]} Nf6 {[%emt 0:01:24]} 2. e3 {[%emt 0:00:20]} g6 {[%emt 0:00:38]} 3. f4 {[%emt 0:00:10]} Bg7 {[%emt 0:00:15]} 4. Nf3 {[%emt 0:00:08]} d5 {[%emt 0:00:16]} 5. Bd3 {[%emt 0:01:01]} O-O {[%emt 0:00:34]} 6. O-O {[%emt 0:00:02]} b6 {[%emt 0:00:35]} 7. Qe2 {[%emt 0:00:22]} a5 {[%emt 0:00:13]} 8. c4 {[%emt 0:03:07]} e6 {[%emt 0:04:47]} 9. b3 {[%emt 0:02:51]} a4 {[%emt 0:01:43]} 10. bxa4 {[%emt 0:13:30]} Rxa4 {[%emt 0:00:16]} 11. Nc3 {[%emt 0:00:26]} Rxc4 {[%emt 0:02:31]} 12. Bxc4 {[%emt 0:00:42]} dxc4 {[%emt 0:00:06]} 13. Rd1 {[%emt 0:01:41]} Ba6 {[%emt 0:02:46]} 14. a4 {[%emt 0:09:18]} Nc6 {[%emt 0:01:46]} 15. Ne5 {[%emt 0:07:57]} Na5 {[%emt 0:05:37]} 16. Rb1 {[%emt 0:06:19]} Qa8 {[%emt 0:01:02]} 17. Ba3 {[%emt 0:05:29]} Rc8 {[%emt 0:06:05]} 18. e4 {[%emt 0:17:59]} Bb7 {[%emt 0:02:38]} 19. Re1 {[%emt 0:00:02]} Ne8 {[%emt 0:05:10]} 20. Bb4 {[%emt 0:03:33]} Nd6 {[%emt 0:00:58]} 21. Nf3 {[%emt 0:04:25]} c5 {[%emt 0:02:34]} 22. dxc5 {[%emt 0:02:45]} bxc5 {[%emt 0:00:30]} 23. Bxa5 {[%emt 0:01:28]} Qxa5 {[%emt 0:00:09]} 24. e5 {[%emt 0:00:26]} Qxc3 {[%emt 0:03:30]} 25. exd6 {[%emt 0:00:03]} Bd5 {[%emt 0:02:03]} 26. Ne5 {[%emt 0:00:42]} Rd8 {[%emt 0:00:36]} 27. Rb6 {[%emt 0:02:53]} Qd4+ {[%emt 0:02:32]} 28. Qf2 {[%emt 0:00:27]} c3 {[%emt 0:00:24]} 29. a5 {[%emt 0:02:37]} Bf8 {[%emt 0:03:21]} 30. d7 {[%emt 0:09:02]} f6 {[%emt 0:01:05]} 31. Nc6 {[%emt 0:01:38]} Qxf2+ {[%emt 0:00:10]} 32. Kxf2 {[%emt 0:00:03]} Rxd7 {[%emt 0:00:08]} 33. Rc1 {[%emt 0:00:44]} c4 {[%emt 0:00:17]} 34. Kf1 {[%emt 0:01:50]} Bc5 {[%emt 0:01:06]} 35. Rb8+ {[%emt 0:00:04]} Kf7 {[%emt 0:01:11]} 36. Rc8 {[%emt 0:00:42]} Bd6 {[%emt 0:03:01]} 37. Rxc3 {[%emt 0:00:52]} Bc7 {[%emt 0:02:28]} 38. Nb8 {[%emt 0:01:16]} Bxa5 {[%emt 0:02:58]} 39. Ra3 {[%emt 0:00:08]} Bb4 {[%emt 0:01:27]} 40. Nxd7 {[%emt 0:00:00]} Bxa3 {[%emt 0:00:00]} 41. Nb6 {[%emt 0:02:29]} Bd6 {[%emt 0:02:42]} 42. g3 {[%emt 0:03:48]} Bb7 {[%emt 0:03:47]} 43. Rd8 {[%emt 0:01:06]} Ke7 {[%emt 0:00:17]} 44. Rd7+ {[%emt 0:00:14]} 1-0

[Event "WSTCC-65 2020"]
[Site "Prague"]
[Date "2020.03.10"]
[Round "5.28"]
[White "Kristiansen, Erling"]
[Black "Seibold, Hubert"]
[Result "0-1"]
[WhiteElo "2123"]
[BlackElo "2123"]
[Annotator "ChessBase"]
[PlyCount "84"]
[EventDate "2020.03.06"]
[EventType "team-tourn"]
[EventCountry "CZE"]
[SourceTitle "playchess.com"]
[Source "ChessBase"]
[SourceQuality "1"]
[TimeControl "40/5400+30:1800+30"]

1. e4 {[%emt 0:00:00]} c5 {[%emt 0:00:00]} 2. Nf3 {[%emt 0:00:00]} Nc6 {[%emt 0:00:00]} 3. d4 {[%emt 0:00:08]} cxd4 {[%emt 0:00:01]} 4. Nxd4 {[%emt 0:00:09]} g6 {[%emt 0:00:06]} 5. c4 {[%emt 0:01:23]} Bg7 {[%emt 0:00:11]} 6. Be3 {[%emt 0:00:10]} Nf6 {[%emt 0:00:18]} 7. f3 {[%emt 0:00:05]} O-O {[%emt 0:01:10]} 8. Nc3 {[%emt 0:00:21]} d6 {[%emt 0:00:26]} 9. Be2 {[%emt 0:00:37]} Bd7 {[%emt 0:01:41]} 10. Rc1 {[%emt 0:02:38]} Nxd4 {[%emt 0:02:49]} 11. Bxd4 {[%emt 0:00:13]} a5 12. a4 Bc6 {[%emt 0:05:01]} 13. O-O {[%emt 0:02:02]} Nd7 {[%emt 0:03:33]} 14. Bxg7 {[%emt 0:02:16]} Kxg7 {[%emt 0:00:09]} 15. Qd4+ {[%emt 0:00:22]} Kg8 {[%emt 0:01:02]} 16. Nb5 {[%emt 0:01:14]} Qb6 {[%emt 0:05:52]} 17. b3 {[%emt 0:01:04]} Bxb5 {[%emt 0:09:56]} 18. Qxb6 {[%emt 0:00:08]} Nxb6 {[%emt 0:00:07]} 19. cxb5 {[%emt 0:00:41]} Rfc8 {[%emt 0:00:45]} 20. Kf2 {[%emt 0:00:30]} Kf8 {[%emt 0:07:16]} 21. Ke3 {[%emt 0:00:50]} Nd7 {[%emt 0:03:15]} 22. f4 {[%emt 0:02:36]} e6 {[%emt 0:16:43]} 23. Bf3 {[%emt 0:04:43]} Rc5 {[%emt 0:04:51]} 24. Rxc5 {[%emt 0:04:06]} Nxc5 {[%emt 0:01:15]} 25. Rb1 {[%emt 0:00:29]} Ke7 {[%emt 0:01:58]} 26. Kd4 {[%emt 0:00:59]} b6 {[%emt 0:01:18]} 27. e5 {[%emt 0:02:58]} dxe5+ {[%emt 0:11:04]} 28. fxe5 {[%emt 0:00:03]} Rd8+ {[%emt 0:00:08]} 29. Kc4 {[%emt 0:00:29]} Nd3 {[%emt 0:00:18]} 30. Kc3 {[%emt 0:00:22]} Nxe5 {[%emt 0:00:21]} 31. Be2 {[%emt 0:01:08]} Rc8+ {[%emt 0:01:33]} 32. Kd4 {[%emt 0:00:37]} Nd7 {[%emt 0:00:32]} 33. b4 {[%emt 0:00:07]} e5+ {[%emt 0:01:27]} 34. Ke3 {[%emt 0:01:08]} axb4 {[%emt 0:00:47]} 35. Rxb4 {[%emt 0:00:09]} Rc3+ {[%emt 0:02:00]} 36. Kd2 {[%emt 0:03:02]} Ra3 {[%emt 0:01:07]} 37. Bd1 {[%emt 0:00:37]} f5 {[%emt 0:00:31]} 38. Kc1 {[%emt 0:06:26]} Ra1+ {[%emt 0:02:52]} 39. Kd2 {[%emt 0:00:27]} Nc5 {[%emt 0:01:42]} 40. Bc2 {[%emt 0:00:55]} Kd6 {[%emt 0:01:23]} 41. Kc3 {[%emt 0:00:35]} e4 {[%emt 0:08:53]} 42. Kd4 {[%emt 0:01:31]} Ra3 {[%emt 0:01:49]} 0-1

[Event "WSTCC-65 2020"]
[Site "Prague"]
[Date "2020.03.10"]
[Round "5.29"]
[White "White, Alastair F"]
[Black "Uddenfeldt, Dan"]
[Result "0-1"]
[WhiteElo "2052"]
[BlackElo "2320"]
[Annotator "TA"]
[PlyCount "60"]
[EventDate "2020.03.06"]
[EventType "team-tourn"]
[EventCountry "CZE"]
[SourceTitle "playchess.com"]
[Source "ChessBase"]
[SourceQuality "1"]

{[%evp 21,60,5,14,-7,28,0,2,14,19,0,0,-82,-75,-79,-65,-166,-162,-175,-139,-151,-163,-349,-360,-398,-381,-383,-373,-439,-435,-395,-420,-734,-733,-698,-696,-856,-849,-1766,-964,-2924,-2789]} 1. e4 c5 2. Nf3 e6 3. d4 cxd4 4. Nxd4 Nf6 5. Nc3 d6 6. g3 Nc6 7. Bg2 Bd7 8. O-O a6 9. a4 Be7 10. h3 Qc7 11. Re1 O-O 12. Be3 {B80: Sicilian Scheveningen: 6 g3 and 6 Be3, including English Attack.} Rfd8 13. Nxc6 {[#]} Bxc6 $146 ({Predecessor:} 13... bxc6 14. a5 Re8 15. Na4 e5 16. Nb6 Rab8 17. c4 c5 18. Bd2 Bc6 19. Bc3 Qb7 {0-1 (37) Adianto,U (2385)-Andersson,U (2635) Jakarta 1983}) 14. a5 {The position is equal.} Nd7 15. Qh5 Bf6 16. Na4 (16. Ra3 $11) 16... Bxa4 $17 17. Rxa4 Bxb2 ({Don't play} 17... Qxc2 18. Rb4 $11) 18. Re2 (18. Rb1 $15 Qxc2 {[%mdl 64] Double Attack} 19. Qd1 Qxd1+ 20. Rxd1) 18... Qc6 19. Rb4 g6 20. Qh4 Bc3 $36 {[%mdl 2048] White is under strong pressure.} 21. Bg5 $2 {[#]} (21. Rb3 {might work better.}) 21... f6 $19 (21... Bxb4 $2 22. Bxd8 Qb5 23. Re3 $17) 22. Qg4 fxg5 ({Inferior is} 22... Bxb4 23. Qxe6+ Kh8 24. Bxf6+ Nxf6 25. Qxf6+ Kg8 26. Qe6+ Kh8 27. Qf6+ Kg8 28. Qe6+ Kh8 29. Qf6+ $11) 23. Qxe6+ Kh8 24. Rc4 Nc5 25. Qg4 Be5 {Strongly threatening ...Qb5.} 26. f4 (26. Rb4 $142) 26... gxf4 {Black is clearly winning.} 27. gxf4 Qb5 {[%mdl 64] [#] Double Attack} 28. fxe5 Qxc4 29. Qh4 Qd4+ 30. Rf2 Rf8 {White got outplayed after the opening. Accuracy: White = 37%, Black = 93%.} 0-1

[Event "WSTCC-65 2020"]
[Site "Prague"]
[Date "2020.03.10"]
[Round "5.30"]
[White "Wahlbom, Magnus"]
[Black "Scrimgour, Alan"]
[Result "1/2-1/2"]
[WhiteElo "2176"]
[BlackElo "2059"]
[Annotator "ChessBase"]
[PlyCount "46"]
[EventDate "2020.03.06"]
[EventType "team-tourn"]
[EventCountry "CZE"]
[SourceTitle "playchess.com"]
[Source "ChessBase"]
[SourceQuality "1"]
[TimeControl "40/5400+30:1800+30"]

1. e4 {[%emt 0:00:00]} c5 {[%emt 0:00:00]} 2. Nf3 {[%emt 0:00:00]} e6 {[%emt 0:00:00]} 3. d4 {[%emt 0:00:00]} cxd4 {[%emt 0:00:00]} 4. Nxd4 {[%emt 0:00:00]} Nc6 {[%emt 0:00:00]} 5. Nc3 {[%emt 0:00:27]} Qc7 {[%emt 0:00:08]} 6. Be2 {[%emt 0:01:28]} a6 {[%emt 0:00:07]} 7. O-O {[%emt 0:01:17]} Nf6 {[%emt 0:00:53]} 8. Be3 {[%emt 0:04:09]} Be7 {[%emt 0:01:38]} 9. f4 {[%emt 0:02:47]} d6 {[%emt 0:02:35]} 10. a4 {[%emt 0:03:45]} O-O {[%emt 0:04:12]} 11. Kh1 {[%emt 0:06:26]} Bd7 {[%emt 0:05:35]} 12. Nb3 {[%emt 0:04:15]} b6 {[%emt 0:17:36]} 13. Bf3 {[%emt 0:02:43]} Rac8 {[%emt 0:01:37]} 14. Qe2 {[%emt 0:02:00]} Nb4 {[%emt 0:03:00]} 15. Qf2 {[%emt 0:12:45]} Rb8 {[%emt 0:06:36]} 16. Nd4 {[%emt 0:09:03]} e5 {[%emt 0:06:58]} 17. Nb3 {[%emt 0:05:35]} Bc6 {[%emt 0:08:39]} 18. Rfd1 {[%emt 0:05:30]} Qb7 {[%emt 0:05:23]} 19. Rd2 {[%emt 0:11:22]} Nxe4 {[%emt 0:06:38]} 20. Nxe4 {[%emt 0:01:12]} Bxe4 {[%emt 0:02:23]} 21. Bxe4 {[%emt 0:01:45]} Qxe4 {[%emt 0:00:07]} 22. fxe5 {[%emt 0:00:26]} dxe5 {[%emt 0:03:44]} 23. Bxb6 {[%emt 0:04:10]} Qc6 1/2-1/2

[Event "WSTCC-65 2020"]
[Site "Prague"]
[Date "2020.03.10"]
[Round "5.31"]
[White "Levy, David N L"]
[Black "Hammar, Bengt"]
[Result "1/2-1/2"]
[WhiteElo "2310"]
[BlackElo "2142"]
[Annotator "ChessBase"]
[PlyCount "62"]
[EventDate "2020.03.06"]
[EventType "team-tourn"]
[EventCountry "CZE"]
[SourceTitle "playchess.com"]
[Source "ChessBase"]
[SourceQuality "1"]
[TimeControl "40/5400+30:1800+30"]

1. e4 c5 {[%emt 0:00:08]} 2. Nc3 {[%emt 0:00:00]} d6 {[%emt 0:00:41]} 3. g3 {[%emt 0:00:15]} Nc6 {[%emt 0:00:25]} 4. d3 {[%emt 0:00:13]} g6 {[%emt 0:00:17]} 5. Bg2 {[%emt 0:00:05]} Bg7 {[%emt 0:00:23]} 6. Be3 {[%emt 0:00:28]} e6 {[%emt 0:00:59]} 7. Qd2 {[%emt 0:00:23]} Bd7 {[%emt 0:02:01]} 8. Nge2 {[%emt 0:03:20]} Nd4 {[%emt 0:00:25]} 9. Nd1 {[%emt 0:02:39]} Ne7 {[%emt 0:05:51]} 10. Nxd4 {[%emt 0:05:00]} cxd4 {[%emt 0:00:18]} 11. Bh6 {[%emt 0:01:53]} O-O {[%emt 0:05:07]} 12. Bxg7 {[%emt 0:19:39]} Kxg7 {[%emt 0:00:09]} 13. O-O {[%emt 0:05:29]} e5 {[%emt 0:02:23]} 14. f4 {[%emt 0:04:33]} f6 {[%emt 0:00:37]} 15. Nf2 {[%emt 0:05:49]} Rc8 {[%emt 0:05:35]} 16. Rac1 {[%emt 0:04:23]} Qb6 {[%emt 0:01:07]} 17. c4 {[%emt 0:00:38]} a5 {[%emt 0:00:57]} 18. b3 {[%emt 0:05:29]} Qb4 {[%emt 0:02:54]} 19. Qe2 {[%emt 0:04:14]} b5 {[%emt 0:09:13]} 20. h4 {[%emt 0:01:51]} a4 {[%emt 0:02:08]} 21. Rb1 {[%emt 0:02:49]} axb3 {[%emt 0:01:55]} 22. Rxb3 {[%emt 0:01:10]} Qa4 {[%emt 0:00:22]} 23. cxb5 {[%emt 0:00:27]} Bxb5 {[%emt 0:00:16]} 24. Rfb1 {[%emt 0:00:28]} Ba6 {[%emt 0:00:18]} 25. f5 {[%emt 0:03:51]} Rc3 {[%emt 0:05:20]} 26. fxg6 {[%emt 0:00:25]} hxg6 {[%emt 0:00:08]} 27. Bh3 {[%emt 0:01:43]} Rxb3 {[%emt 0:03:48]} 28. Rxb3 {[%emt 0:00:30]} Qc6 {[%emt 0:00:30]} 29. Qb2 {[%emt 0:00:26]} Bc8 {[%emt 0:07:04]} 30. Rb6 Qc7 31. Bxc8 Rxc8 1/2-1/2

[Event "WSTCC-65 2020"]
[Site "Prague"]
[Date "2020.03.10"]
[Round "5.32"]
[White "Malmdin, Nils-Ake"]
[Black "McKerracher, Douglas"]
[Result "1-0"]
[WhiteElo "2168"]
[BlackElo "1852"]
[Annotator "ChessBase"]
[PlyCount "87"]
[EventDate "2020.03.06"]
[EventType "team-tourn"]
[EventCountry "CZE"]
[SourceTitle "playchess.com"]
[Source "ChessBase"]
[SourceQuality "1"]
[TimeControl "40/5400+30:1800+30"]

1. Nf3 {[%emt 0:00:06]} f5 {[%emt 0:00:02]} 2. d3 {[%emt 0:00:13]} d5 {[%emt 0:01:20]} 3. c4 {[%emt 0:00:21]} e6 {[%emt 0:00:53]} 4. cxd5 {[%emt 0:01:09]} exd5 {[%emt 0:00:19]} 5. g3 {[%emt 0:00:29]} Nf6 {[%emt 0:00:48]} 6. Bg2 {[%emt 0:00:14]} c6 {[%emt 0:02:22]} 7. O-O {[%emt 0:00:22]} Be7 {[%emt 0:03:00]} 8. Nc3 {[%emt 0:09:46]} O-O {[%emt 0:01:37]} 9. Qc2 {[%emt 0:07:26]} Na6 {[%emt 0:10:18]} 10. a3 {[%emt 0:03:42]} Nc7 {[%emt 0:03:48]} 11. Bf4 {[%emt 0:07:21]} Bd6 {[%emt 0:07:05]} 12. Bxd6 {[%emt 0:11:52]} Qxd6 {[%emt 0:00:09]} 13. Na4 {[%emt 0:00:43]} f4 {[%emt 0:04:09]} 14. Qc5 {[%emt 0:00:29]} Qxc5 {[%emt 0:06:10]} 15. Nxc5 {[%emt 0:00:10]} fxg3 {[%emt 0:00:43]} 16. hxg3 {[%emt 0:00:09]} Ne6 {[%emt 0:01:42]} 17. Rac1 {[%emt 0:00:52]} Nxc5 {[%emt 0:03:34]} 18. Rxc5 {[%emt 0:03:30]} Bg4 {[%emt 0:00:09]} 19. Nd4 {[%emt 0:02:32]} Rae8 {[%emt 0:00:35]} 20. e3 {[%emt 0:00:28]} Bd7 {[%emt 0:02:46]} 21. b4 {[%emt 0:01:15]} a6 {[%emt 0:01:45]} 22. a4 {[%emt 0:02:46]} g6 {[%emt 0:07:05]} 23. b5 {[%emt 0:05:49]} axb5 {[%emt 0:02:47]} 24. axb5 {[%emt 0:00:27]} b6 {[%emt 0:00:50]} 25. Rxc6 {[%emt 0:04:26]} Bxc6 {[%emt 0:03:35]} 26. bxc6 {[%emt 0:00:10]} Re7 {[%emt 0:03:27]} 27. Rb1 {[%emt 0:05:05]} Rb8 {[%emt 0:01:30]} 28. Rb5 {[%emt 0:00:47]} Kf7 {[%emt 0:04:18]} 29. Bxd5+ {[%emt 0:04:17]} Nxd5 {[%emt 0:01:10]} 30. Rxd5 {[%emt 0:00:10]} Rc7 {[%emt 0:01:22]} 31. Rb5 {[%emt 0:06:04]} Ke7 {[%emt 0:01:48]} 32. e4 {[%emt 0:04:19]} Rd8 {[%emt 0:02:22]} 33. Rb4 {[%emt 0:02:13]} Rb8 {[%emt 0:03:22]} 34. f4 {[%emt 0:01:54]} Rd8 {[%emt 0:05:32]} 35. Kf2 {[%emt 0:00:25]} Kf6 {[%emt 0:05:42]} 36. Ke3 {[%emt 0:01:59]} Rb8 {[%emt 0:00:30]} 37. Rb5 {[%emt 0:00:45]} Kf7 {[%emt 0:01:22]} 38. e5 {[%emt 0:01:28]} h5 {[%emt 0:01:28]} 39. Ke4 {[%emt 0:01:17]} Ke7 {[%emt 0:04:07]} 40. Rb4 {[%emt 0:00:00]} Kf7 {[%emt 0:00:00]} 41. Rc4 {[%emt 0:02:27]} Rbc8 {[%emt 0:03:54]} 42. Nb5 {[%emt 0:02:09]} Rxc6 {[%emt 0:03:53]} 43. Nd6+ {[%emt 0:00:13]} Rxd6 {[%emt 0:00:23]} 44. Rxc8 1-0

[Event "WSTCC-65 2020"]
[Site "Prague"]
[Date "2020.03.10"]
[Round "5.33"]
[White "Mojzis, Jaroslav"]
[Black "Boehnisch, Manfred"]
[Result "1/2-1/2"]
[WhiteElo "2074"]
[BlackElo "2246"]
[Annotator "TA"]
[PlyCount "103"]
[EventDate "2020.03.06"]
[EventType "team-tourn"]
[EventCountry "CZE"]
[SourceTitle "playchess.com"]
[Source "ChessBase"]
[SourceQuality "1"]

{[%evp 15,103,16,27,29,23,21,16,33,39,37,37,50,89,36,44,34,25,14,26,16,20,0,0,0,0,0,0,0,0,0,0,0,0,-12,3,7,28,29,33,33,72,19,57,66,67,24,109,105,101,100,98,97,185,196,189,192,181,179,177,153,197,207,206,156,205,203,202,201,200,195,195,179,173,147,193,140,152,93,118,107,185,97,127,0,0,0,20,0,0,0]} 1. d4 d5 2. Nf3 Nf6 3. g3 c6 4. Bg2 Bg4 5. O-O Nbd7 6. c4 e6 7. b3 Bd6 8. Bb2 Qb8 9. Nc3 {D11: Slav Defence: 3 Nf3 sidelines and 3...Nf6 4 e3 Bg4.} b5 10. cxb5 cxb5 11. Qd3 a6 12. e4 dxe4 13. Nxe4 {[#]} Nd5 $146 {[#]} ({Predecessor:} 13... O-O 14. Nxf6+ Nxf6 15. d5 e5 16. Nh4 Re8 17. Rfe1 Qa7 18. Rac1 Rad8 19. h3 Bc8 {½-½ (56) Karagiannis,A (2357)-Astaneh Lopez,A (2357) Athens 2008}) 14. Nxd6+ (14. Ne5 $1 $16 {[%mdl 512]} Nxe5 (14... Bxe5 15. dxe5) 15. Nxd6+ Qxd6 16. dxe5) 14... Qxd6 $14 15. Ne5 Bf5 16. Qe2 {Threatens to win with g4.} O-O 17. a4 Rfc8 18. Rfc1 (18. Ba3 {looks sharper.} b4 19. Nc4 Qf8 20. Bb2 a5 21. Rfc1) 18... Rxc1+ 19. Rxc1 {Hoping for g4.} Nxe5 $1 20. Qxe5 Qxe5 21. dxe5 bxa4 22. bxa4 Rb8 23. Ba3 g5 24. Bf1 a5 25. Bb5 g4 26. Bd6 Rd8 27. Kf1 f6 28. Ke1 (28. Rc5 $16) 28... fxe5 29. Bxe5 Nb4 30. Ke2 Rd5 (30... Be4 $11) 31. Rc8+ $16 Kf7 32. Rc7+ Kg8 33. Bc3 Bd3+ (33... h5 $16 {is a better defense.}) 34. Bxd3 $18 Nxd3 {[%mdl 4096] Endgame KRB-KRN} 35. Rg7+ Kf8 36. Rxg4 ({Much less strong is} 36. Rxh7 $6 Nc1+ 37. Ke1 Nd3+ 38. Kf1 Rc5 $16) 36... Nc1+ 37. Ke1 e5 38. Rc4 Kf7 39. Rc6 Nd3+ 40. Ke2 Nc5 41. Rc7+ Kg6 42. Bxa5 Nxa4 43. Bb4 Rb5 44. Bf8 Rb2+ 45. Ke3 (45. Kf3 $18) 45... Nb6 {[#] aiming for ...Nd5+.} 46. Rg7+ ({White should try} 46. Kf3 $1) 46... Kf5 $16 47. g4+ Ke6 48. Bc5 ({Don't take} 48. Rxh7 $6 Nd5+ 49. Kf3 Rb3+ 50. Ke2 Nf4+ 51. Kd1 Kd5 $14) ({White should play} 48. Re7+ $18 Kd5 49. Kf3 (49. Rxh7 Rb3+ 50. Ke2 Ke4 $18)) 48... Nd5+ {[#]} 49. Kd3 (49. Kf3 $1 $16) 49... Rb3+ $11 {The position is equal.} 50. Kc4 Rc3+ 51. Kb5 Rh3 52. Kc6 {Accuracy: White = 71%, Black = 71%.} 1/2-1/2

[Event "WSTCC-65 2020"]
[Site "Prague"]
[Date "2020.03.10"]
[Round "5.34"]
[White "Beltz, Robert"]
[Black "Trojan, Lubos"]
[Result "1/2-1/2"]
[WhiteElo "2158"]
[BlackElo "1928"]
[Annotator "ChessBase"]
[PlyCount "68"]
[EventDate "2020.03.06"]
[EventType "team-tourn"]
[EventCountry "CZE"]
[SourceTitle "playchess.com"]
[Source "ChessBase"]
[SourceQuality "1"]
[TimeControl "40/5400+30:1800+30"]

1. d4 {[%emt 0:00:00]} Nf6 {[%emt 0:00:00]} 2. c4 {[%emt 0:00:04]} e6 {[%emt 0:00:00]} 3. Nf3 {[%emt 0:01:01]} d5 {[%emt 0:00:17]} 4. g3 {[%emt 0:00:08]} Be7 {[%emt 0:01:25]} 5. Bg2 {[%emt 0:02:04]} O-O {[%emt 0:00:18]} 6. Qc2 {[%emt 0:00:13]} Nbd7 {[%emt 0:01:23]} 7. O-O {[%emt 0:00:28]} b6 {[%emt 0:04:17]} 8. Rd1 {[%emt 0:02:17]} Bb7 {[%emt 0:03:31]} 9. Ne5 {[%emt 0:00:46]} c5 {[%emt 0:16:10]} 10. Nc3 {[%emt 0:04:29]} Rc8 {[%emt 0:03:07]} 11. Nxd7 {[%emt 0:02:23]} Qxd7 {[%emt 0:02:40]} 12. dxc5 {[%emt 0:03:35]} Rxc5 {[%emt 0:10:06]} 13. cxd5 {[%emt 0:16:04]} exd5 {[%emt 0:00:20]} 14. Qd3 {[%emt 0:11:51]} Rd8 {[%emt 0:16:10]} 15. Bg5 {[%emt 0:04:44]} d4 {[%emt 0:08:52]} 16. Bxf6 {[%emt 0:10:03]} Bxf6 {[%emt 0:00:58]} 17. Bxb7 {[%emt 0:00:15]} Qxb7 {[%emt 0:00:11]} 18. Ne4 {[%emt 0:00:11]} Rc6 {[%emt 0:02:16]} 19. Rac1 {[%emt 0:01:11]} Be7 {[%emt 0:01:03]} 20. Rxc6 {[%emt 0:10:24]} Qxc6 {[%emt 0:00:16]} 21. e3 {[%emt 0:00:59]} f5 {[%emt 0:02:52]} 22. Qb3+ {[%emt 0:06:03]} Kf8 {[%emt 0:01:17]} 23. Nd2 {[%emt 0:00:38]} dxe3 {[%emt 0:00:24]} 24. fxe3 {[%emt 0:03:07]} a5 {[%emt 0:04:33]} 25. Nf1 {[%emt 0:02:10]} Rxd1 {[%emt 0:02:34]} 26. Qxd1 {[%emt 0:00:02]} Qe6 {[%emt 0:00:47]} 27. b3 {[%emt 0:00:45]} Kf7 {[%emt 0:00:19]} 28. Qh5+ {[%emt 0:00:56]} Qg6 {[%emt 0:00:15]} 29. Qf3 {[%emt 0:00:56]} Qf6 {[%emt 0:02:38]} 30. Qh5+ {[%emt 0:02:39]} Qg6 {[%emt 0:01:17]} 31. Qd1 {[%emt 0:00:50]} Qe6 {[%emt 0:00:35]} 32. Qh5+ {[%emt 0:02:23]} Qg6 {[%emt 0:00:02]} 33. Qe2 {[%emt 0:01:21]} Qe6 {[%emt 0:00:12]} 34. Qh5+ Kg8 1/2-1/2

[Event "WSTCC-65 2020"]
[Site "Prague"]
[Date "2020.03.10"]
[Round "5.35"]
[White "Just, Pavel"]
[Black "Baumbach, Friedrich"]
[Result "1/2-1/2"]
[WhiteElo "1954"]
[BlackElo "2130"]
[Annotator "TA"]
[PlyCount "87"]
[EventDate "2020.03.06"]
[EventType "team-tourn"]
[EventCountry "CZE"]
[SourceTitle "playchess.com"]
[Source "ChessBase"]
[SourceQuality "1"]

{[%evp 18,87,56,46,67,53,99,48,86,86,99,87,90,100,107,72,93,89,132,116,195,175,157,158,153,158,154,76,67,0,0,0,0,-19,-20,-22,0,0,0,-8,0,-43,-37,-25,-22,-27,-24,-57,0,0,6,8,8,8,4,4,47,4,61,0,0,-13,-13,-13,-7,-14,-7,0,0,0,0,0]} 1. e4 c5 2. Nf3 Nc6 3. c4 g6 4. d4 cxd4 5. Nxd4 Bg7 6. Be3 d6 7. Nc3 Nf6 8. Be2 O-O 9. O-O Bd7 10. Qd2 Qa5 {B38: Sicilian: Maroczy Bind with 5...Bg7 and 7...0-0.} 11. Rfd1 a6 12. f3 ({Better is} 12. Nb3 $16 Qe5 13. f3) 12... Rab8 {White is slightly better.} 13. Nb3 {[#]} Qd8 $146 ({Predecessor:} 13... Qc7 14. Nd5 Nxd5 15. cxd5 Ne5 16. Rdc1 Qd8 17. Nd4 f5 18. f4 Ng4 19. Bxg4 fxg4 20. Rf1 {½-½ (73) Fernandez Romero,E (2469)-Trofimov,S (2412) Moscow 2005}) 14. c5 dxc5 15. Nxc5 Bc8 16. Qc2 Qc7 17. Rac1 e5 {Threatening ...Nd4.} 18. Nb3 {Black must now prevent Nd5.} Nd4 (18... Be6 $16) 19. Nxd4 $18 exd4 20. Bxd4 Be6 21. Qd2 {Strongly threatening Nd5!} Qa5 22. Nd5 (22. Qe3 $142) 22... Qxd2 $16 23. Rxd2 ({White should play} 23. Ne7+ $14 Kh8 24. Rxd2) 23... Bxd5 $11 24. Bxf6 Bh6 25. Rxd5 Bxc1 26. Bc4 Rbc8 27. Bb3 Rc6 28. Bd4 Bf4 29. g3 Bc7 30. Kf2 Bb6 31. Ke3 Bxd4+ 32. Kxd4 {[%mdl 4096] Endgame KRR-KRB} Rcc8 (32... Rc1 $15) 33. Rd7 Rcd8 {[#]} (33... b5 {with more complications.} 34. Ra7 Rc1 35. Ke5 Kg7 36. Kf4 Rb1) 34. Bxf7+ $1 {[%mdl 512]} Kg7 (34... Rxf7 35. Rxd8+) 35. Rxd8 Rxd8+ {KR-KB} 36. Bd5 b6 37. h4 Rc8 (37... Rf8 $11 38. Ke3 Rc8) 38. h5 (38. Ke5 $1 $14) 38... Rc2 {The position is equal.} 39. e5 Rxb2 40. f4 Rd2+ 41. Ke4 Rg2 42. Kf3 Rd2 43. Ke4 Rg2 44. Kf3 {Accuracy: White = 73%, Black = 73%.} 1/2-1/2

[Event "WSTCC-65 2020"]
[Site "Prague"]
[Date "2020.03.10"]
[Round "5.36"]
[White "Walther, Hans-Wolfgang"]
[Black "Vesely, Emanuel"]
[Result "1-0"]
[WhiteElo "2111"]
[BlackElo "1779"]
[Annotator "ChessBase"]
[PlyCount "55"]
[EventDate "2020.03.06"]
[EventType "team-tourn"]
[EventCountry "CZE"]
[SourceTitle "playchess.com"]
[Source "ChessBase"]
[SourceQuality "1"]
[TimeControl "40/5400+30:1800+30"]

1. d4 {[%emt 0:00:00]} Nf6 {[%emt 0:00:00]} 2. Nf3 {[%emt 0:00:21]} g6 {[%emt 0:02:09]} 3. g3 {[%emt 0:02:10]} Bg7 {[%emt 0:01:28]} 4. Bg2 {[%emt 0:00:07]} O-O {[%emt 0:03:44]} 5. O-O {[%emt 0:00:40]} d5 {[%emt 0:01:31]} 6. c4 {[%emt 0:13:34]} c6 {[%emt 0:04:48]} 7. Nbd2 {[%emt 0:08:37]} Bf5 {[%emt 0:13:56]} 8. Qb3 {[%emt 0:05:02]} Qb6 {[%emt 0:05:22]} 9. c5 {[%emt 0:03:18]} Qxb3 {[%emt 0:02:01]} 10. Nxb3 {[%emt 0:00:31]} a5 {[%emt 0:07:39]} 11. a4 {[%emt 0:01:33]} Bc2 {[%emt 0:05:34]} 12. Ra3 {[%emt 0:00:13]} Nbd7 {[%emt 0:05:07]} 13. Bf4 {[%emt 0:01:54]} Nh5 {[%emt 0:12:57]} 14. Bd2 {[%emt 0:02:14]} e5 {[%emt 0:11:22]} 15. Nxa5 {[%emt 0:04:05]} exd4 {[%emt 0:01:50]} 16. b4 {[%emt 0:01:58]} f5 {[%emt 0:05:46]} 17. Rfa1 {[%emt 0:18:57]} Be4 {[%emt 0:02:51]} 18. Nxb7 {[%emt 0:01:32]} Rfb8 {[%emt 0:00:40]} 19. Na5 {[%emt 0:01:43]} d3 {[%emt 0:03:13]} 20. Re1 {[%emt 0:00:35]} dxe2 {[%emt 0:01:34]} 21. Nxc6 {[%emt 0:00:49]} Re8 {[%emt 0:00:49]} 22. Rxe2 {[%emt 0:00:33]} Bb2 {[%emt 0:04:16]} 23. Ra2 {[%emt 0:01:01]} Bf6 {[%emt 0:00:04]} 24. Nfd4 {[%emt 0:06:35]} Bxd4 {[%emt 0:01:31]} 25. Nxd4 {[%emt 0:00:08]} Ne5 {[%emt 0:00:24]} 26. Bc3 {[%emt 0:01:20]} Bxg2 {[%emt 0:00:36]} 27. Kxg2 {[%emt 0:00:12]} f4 {[%emt 0:01:07]} 28. Nf3 {[%emt 0:02:26]} 1-0